LEADER 00991nam--2200361---450- 001 990003092000203316 005 20080408081246.0 010 $a0-13-355223-3 035 $a000309200 035 $aUSA01000309200 035 $a(ALEPH)000309200USA01 035 $a000309200 100 $a20080408d1996----km-y0itay50------ba 101 $aeng 102 $aGB 105 $a||||||||001yy 200 1 $aIntroducing literary studies$fedited by Richard Bradford 210 $aLondon [etc.]$cPrentice Hall Harvester Wheatsheaf$d1996 215 $aXIV, 768 p.$d24 cm 410 0$12001 454 1$12001 461 1$1001-------$12001 606 0 $aLetteratura inglese$xStoria 676 $a820.9 700 1$aBRADFORD,$bRichard$0457464 801 0$aIT$bsalbc$gISBD 912 $a990003092000203316 951 $aII.8.C.12$b4431 DSLL 959 $aBK 969 $aDSLL 979 $aDSLL$b90$c20080408$lUSA01$h0812 996 $aIntroducing literary studies$91019559 997 $aUNISA